| 000 | 00545nam a22001577a 4500 | ||
|---|---|---|---|
| 999 |
_c535769 _d535769 |
||
| 020 | _qHard Cover. | ||
| 082 | _a617.6 | ||
| 100 | _aShabaz Khan | ||
| 245 |
_aEFFECT OF PARTICLE SIZE DISTRIBUTION ON HANDLING CHARACTERISTICS AND SETTING TIME OF MINERAL TRIOXIDE AGGREGATE / _cShabaz Khan |
||
| 260 |
_aIslamabad : _bAMC - NUST, _c2015. |
||
| 300 |
_a153 p. : ill. ; _c30cm. |
||
| 942 |
_2ddc _cTHE |
||
| 650 |
_aDental Materials M Phil-Thesis. _930592 |
||
| 700 |
_aMuhammad Kaleem. _930593 |
||